[Event "Rheinland-ch MAT B"]
[Site "Koblenz"]
[Date "2003.04.11"]
[Round "1"]
[White "Kottemer, Juergen"]
[Black "Schmidt, Waldemar"]
[Result "1-0"]
[WhiteElo "1885"]
[BlackElo "1890"]
[PlyCount "91"]
[EventDate "2003.04.11"]
[EventType "tourn"]
[EventRounds "9"]
[EventCountry "GER"]
[SourceTitle "EXT 2004"]
[Source "ChessBase"]
[SourceDate "2003.11.25"]
[SourceVersion "1"]
[SourceVersionDate "2003.11.25"]
[SourceQuality "1"]

1. d4 Nf6 2. Nf3 e6 3. c4 Bb4+ 4. Bd2 c5 5. Bxb4 cxb4 6. e3 a5 7. Bd3 d5 8. Nbd2 Bd7 9. 0-0 Nc6 10. Rc1 Ne7 11. Ne5 Bc8 12. cxd5 exd5 13. Bb5+ Kf8 14. Qa4 g6 15. Qc2 Qb6 16. Qc5 Qe6 17. a3 bxa3 18. Qxa3 Kg7 19. Rc7 Nfg8 20. Rfc1 f6 21. Nd3 h5 22. Nf4 Qf7 23. Qd6 Kh6 24. Bd3 Bf5 25. Bxf5 Nxf5 26. Qb6 Qe8 27. Nxd5 Rh7 28. Nxf6 Nxf6 29. Qxf6 Rxc7 30. Rxc7 Ra6 31. Qf7 Qxf7 32. Rxf7 b5 33. Ne4 a4 34. Rb7 a3 35. bxa3 Rxa3 36. g3 Ra1+ 37. Kg2 Rb1 38. Nc3 Rb3 39. Nxb5 Rb2 40. Nd6 Nxe3+ 41. Kf3 Rxb7 42. Nxb7 Nd5 43. Ke4 Nb4 44. d5 Kg5 45. d6 Kf6 46. d7 1-0

[Event "Heimbach Weis op"]
[Site "Heimbach Weis"]
[Date "2002.03.29"]
[Round "8"]
[White "Lemme, Klaus"]
[Black "Schmidt, Waldemar"]
[Result "1-0"]
[WhiteElo "1813"]
[BlackElo "1920"]
[PlyCount "73"]
[EventDate "2002.03.22"]
[EventType "swiss"]
[EventRounds "9"]
[EventCountry "GER"]
[SourceTitle "EXT 2007"]
[Source "ChessBase"]
[SourceDate "2006.11.23"]
[SourceVersion "1"]
[SourceVersionDate "2006.11.23"]
[SourceQuality "1"]

1. d4 d5 2. c4 Nf6 3. cxd5 Nxd5 4. e4 Nb6 5. Be3 e6 6. Nc3 N8d7 7. Nf3 Be7 8. Bd3 c6 9. 0-0 h6 10. Rc1 Nf6 11. Qe2 Nbd7 12. h3 b6 13. Bf4 0-0 14. e5 Nd5 15. Nxd5 cxd5 16. Bb1 Re8 17. Qc2 Nf8 18. Qc7 Ba6 19. Rfe1 Bb4 20. Bd2 Bxd2 21. Nxd2 Qg5 22. Nf3 Qf4 23. Qc2 Rac8 24. Qd2 Qxd2 25. Nxd2 Nd7 26. f4 b5 27. Bd3 Nb6 28. b3 Re7 29. Rxc8+ Bxc8 30. Rc1 a6 31. a4 bxa4 32. bxa4 Bb7 33. a5 Na4 34. Nb3 Nb2 35. Be2 g6 36. Nc5 Rc7 37. Rb1 1-0

[Event "Heimbach Weis op"]
[Site "Heimbach Weis"]
[Date "2002.03.26"]
[Round "5"]
[White "Schmidt, Waldemar"]
[Black "Pandorf, Horst"]
[Result "1-0"]
[WhiteElo "1920"]
[BlackElo "1723"]
[PlyCount "81"]
[EventDate "2002.03.22"]
[EventType "swiss"]
[EventRounds "9"]
[EventCountry "GER"]
[SourceTitle "EXT 2007"]
[Source "ChessBase"]
[SourceDate "2006.11.23"]
[SourceVersion "1"]
[SourceVersionDate "2006.11.23"]
[SourceQuality "1"]

1. Nf3 d5 2. d4 Nf6 3. Bf4 e6 4. Nbd2 c5 5. e3 Nc6 6. c3 Be7 7. Rc1 0-0 8. Bd3 Re8 9. Bb1 b6 10. 0-0 Bf8 11. Qc2 g6 12. Bg5 Bg7 13. Ne5 Ne7 14. Ndf3 h6 15. Bh4 Nf5 16. Bg3 Ba6 17. Rfd1 Qe7 18. Nc6 Qb7 19. Nce5 Nh5 20. Rd2 Rac8 21. Qd1 Nhxg3 22. hxg3 Qe7 23. Qa4 Qb7 24. g4 Nd6 25. dxc5 Bb5 26. Qf4 Ne4 27. Bxe4 dxe4 28. Nd4 Rxc5 29. Nxb5 Bxe5 30. Qxh6 Rxb5 31. g3 Bg7 32. Qh4 Rd5 33. Rdc2 Qd7 34. g5 Rd1+ 35. Kg2 Qd3 36. Rxd1 Qxd1 37. Qxe4 Qd5 38. Kf3 Qxg5 39. c4 Qf5+ 40. Qxf5 gxf5 41. b4 1-0

[Event "Bad Breisig op"]
[Site "Bad Breisig"]
[Date "2002.??.??"]
[Round "4"]
[White "Rotstein, Jefim"]
[Black "Schmidt, Waldemar"]
[Result "1-0"]
[WhiteElo "2375"]
[BlackElo "1920"]
[PlyCount "63"]
[EventDate "2002.??.??"]
[EventType "swiss"]
[EventRounds "9"]
[EventCountry "GER"]
[SourceTitle "EXT 2006"]
[Source "ChessBase"]
[SourceDate "2005.11.24"]
[SourceVersion "1"]
[SourceVersionDate "2005.11.24"]
[SourceQuality "1"]

1. d4 Nf6 2. Nf3 g6 3. g3 Bg7 4. Bg2 d6 5. 0-0 0-0 6. Nc3 c6 7. e4 Qc7 8. a4 e5 9. h3 Nbd7 10. a5 Re8 11. dxe5 dxe5 12. b3 Nc5 13. Qe2 h6 14. Bb2 Be6 15. Nd2 Nh5 16. Nc4 b5 17. axb6 axb6 18. Ne3 b5 19. Rfd1 Ra7 20. Ned5 Qb8 21. Qe3 Rxa1 22. Rxa1 b4 23. Qxc5 Bxd5 24. Nxd5 cxd5 25. Qxd5 Rd8 26. Qc4 Qb6 27. Ra6 Rd1+ 28. Bf1 Qb8 29. Qc6 Rd8 30. Bc4 Qc8 31. Qxc8 Rxc8 32. Ra7 1-0